| 000 | 00352nam a22001217a 4500 | ||
|---|---|---|---|
| 082 | _aCP-93 | ||
| 100 |
_aNiazi, Lt Col Bilal Sulaman _951749 |
||
| 245 |
_aMechanics of Solids - II _bSpring Semester 2018 & 2019 _cCE-205 |
||
| 250 | _aOD-88 (Sec A&B) OD-86(A) / CED-87 (C&D) | ||
| 526 |
_a0 _b0 _c0 _dCP_93 |
||
| 526 |
_a0 _b0 _c0 _dCP_93 |
||
| 942 |
_2ddc _cBK |
||
| 999 |
_c554304 _d554304 |
||